OPAC Home

Ceylon men (Record no. 87979)

MARC details
000 -LEADER
fixed length control field 00316nam a2200145Ia 4500
003 - CONTROL NUMBER IDENTIFIER
control field LK-CoDNM
008 - FIXED-LENGTH DATA ELEMENTS--GENERAL INFORMATION
fixed length control field 010623t1914 xxu||||| |||| 00| 1 eng d
040 ## - CATALOGING SOURCE
Original cataloging agency LK-CoDNM
Modifying agency LK-CoDNM
Description conventions LK-CoDNM
041 ## - LANGUAGE CODE
Language code of text/sound track or separate title English
080 ## - UNIVERSAL DECIMAL CLASSIFICATION NUMBER
Universal Decimal Classification number 50
Item number F11
942 ## - ADDED ENTRY ELEMENTS (KOHA)
Koha item type Books
245 ## - TITLE STATEMENT
Title Ceylon men
260 ## - PUBLICATION, DISTRIBUTION, ETC. (IMPRINT)
Name of publisher, distributor, etc. ?
Date of publication, distribution, etc. 1914
300 ## - PHYSICAL DESCRIPTION
Other physical details 82p., 23 cm
Holdings
Withdrawn status Lost status Damaged status Not for loan Collection code Permanent Location Current Location Date acquired Full call number Barcode Koha item type
    Damaged   Monographs Library National Museum Colombo - Sri Lanka Library National Museum Colombo - Sri Lanka 2023-08-02 50 F 11 OB614 11 Books
    Damaged   Monographs Library National Museum Colombo - Sri Lanka Library National Museum Colombo - Sri Lanka 2023-08-02 50 F11 OB614 12 Books
        Monographs Library National Museum Colombo - Sri Lanka Library National Museum Colombo - Sri Lanka 2023-08-02 50 F11 OB614 13 Books
        Monographs Library National Museum Colombo - Sri Lanka Library National Museum Colombo - Sri Lanka 2023-08-02 50 F11 OB614 14 Books
    Damaged   Monographs Library National Museum Colombo - Sri Lanka Library National Museum Colombo - Sri Lanka 2023-08-02 50 F11 OB614 15 Books
    Damaged   Monographs Library National Museum Colombo - Sri Lanka Library National Museum Colombo - Sri Lanka 2023-08-02 50 F11 OB614 16 Books
        Monographs Library National Museum Colombo - Sri Lanka Library National Museum Colombo - Sri Lanka 2023-08-02 50 F11 OB614 17 Books
    Damaged   Monographs Library National Museum Colombo - Sri Lanka Library National Museum Colombo - Sri Lanka 2023-08-02 50 F11 OB614 18 Books
Copyright © 2023 Department of National Museum, Colombo 07, Sri Lanka Funded by UNESCO IFAP UNESCO